000 011400000a22003250004500
001 768714001
003 CO-MdFUSB
005 20250519104108.0
007 ta
008 180625t2002 ag ||||| |||| 00| 0 spa d
020 _a987-9403-47-9
040 _aCO-MdFUSB
_bspa
_cCO-MdFUSB
_dCO-MdFUSBC
_erda
041 0 _aeng
082 0 4 _a248.2
_222
_bS4566h
100 1 _aSegura Carmona, Harold
_eautor
245 1 0 _aHacia una espiritualidad evangélica comprometida
_c/ Harold Segura Carmona
264 1 _aBuenos Aires, Argentina
_b: Kairós,
_c[2002]
264 4 _c©2002
300 _a112 páginas
_c: 20 cm.
336 _atexto
_btxt
_2rdacontent
337 _2rdamedia
_asin mediación
_bn
338 _2rdacarrier
_avolumen
_bnc
504 _aIncluye referencias bibliográficas
505 _a1. La espiritualidad en la perspectiva del Reino 2. La encarnación: misterio y modelo 3. Ser iglesia para los demás 4. El rol profético del cristiano en la sociedad 5. Para una teología de los Derechos Humanos.
563 _arústico
650 0 _aVida cristiana
_919
653 _aEspiritualidad
942 _cBK
945 _aJTF-925
999 _c35867
_d35867